History Quiz

Random History Quiz

Labour Party Leaders Quiz Stats

 Plays Quiz not verified by Sporcle

Challenge
Share
Tweet
Embed
Score 0/18 Timer 04:00
0 Plays Today
Years Answer % Correct
1994-2007Tony Blair
98%
2007-2010Gordon Brown
94.1%
2015-presentJeremy Corbyn
94.1%
2010-2015Ed Miliband
92.2%
1963-1976Harold Wilson
86.3%
1983-1992Neil Kinnock
86.3%
1935-1955Clement Attlee
84.3%
1976-1980James Callaghan
80.4%
1980-1983Michael Foot
80.4%
Years Answer % Correct
1992-1994John Smith
78.4%
1911-1914 and 1922-1931Ramsay McDonald
64.7%
1955-1963Hugh Gaitskell
64.7%
1906-1908Keir Hardie
62.7%
1932-1935George Lansbury
45.1%
1908-1910 and 1914-1917Arthur Henderson
43.1%
1921-1922JR Clynes
27.5%
1910-1911George Nicoll Barnes
25.5%
1917-1921William Adamson
21.6%

You're not logged in!

Compare scores with friends on all Sporcle quizzes.
Join for Free
OR
Log In

You Might Also Like...

Show Comments

Extras

Top Quizzes Today


Score Distribution

Your Account Isn't Verified!

In order to create a playlist on Sporcle, you need to verify the email address you used during registration. Go to your Sporcle Settings to finish the process.

Report this User

Report this user for behavior that violates our Community Guidelines.

Details: